LEADER 01932oam 2200493M 450 001 9910716261703321 005 20200213070503.7 035 $a(CKB)5470000002519507 035 $a(OCoLC)1065770609 035 $a(OCoLC)995470000002519507 035 $a(EXLCZ)995470000002519507 100 $a20071213d1926 ua 0 101 0 $aeng 135 $aurcn||||||||| 181 $ctxt$2rdacontent 182 $cc$2rdamedia 183 $acr$2rdacarrier 200 10$a"Granting Certain Public Lands to the City of Stockton, Calif., for Flood Control, and for Other Purposes." March 11 (calendar day, March 13), 1926. -- Ordered to be printed 210 1$a[Washington, D.C.] :$c[U.S. Government Printing Office],$d1926. 215 $a1 online resource (2 pages) 225 1 $aSenate report / 69th Congress, 1st session. Senate ;$vno. 369 225 1 $a[United States congressional serial set ] ;$v[serial no. 8524] 300 $aBatch processed record: Metadata reviewed, not verified. Some fields updated by batch processes. 300 $aFDLP item number not assigned. 517 $a"Granting Certain Public Lands to the City of Stockton, Calif., for Flood Control, and for Other Purposes." March 11 606 $aDams 606 $aFlood control 606 $aPublic land sales 606 $aReservoirs 608 $aLegislative materials.$2lcgft 615 0$aDams. 615 0$aFlood control. 615 0$aPublic land sales. 615 0$aReservoirs. 701 $aStanfield$b Robert Nelson$f1877-1945$pRepublican (OR)$01386179 801 0$bWYU 801 1$bWYU 801 2$bOCLCO 801 2$bOCLCQ 801 2$bOCLCO 906 $aBOOK 912 $a9910716261703321 996 $a"Granting Certain Public Lands to the City of Stockton, Calif., for Flood Control, and for Other Purposes." March 11 (calendar day, March 13), 1926. -- Ordered to be printed$93548173 997 $aUNINA LEADER 02003nam 2200577 a 450 001 9910789692903321 005 20230124190241.0 010 $a1-61324-534-3 035 $a(CKB)2670000000099687 035 $a(EBL)3019396 035 $a(SSID)ssj0000522248 035 $a(PQKBManifestationID)12199681 035 $a(PQKBTitleCode)TC0000522248 035 $a(PQKBWorkID)10528463 035 $a(PQKB)11067246 035 $a(MiAaPQ)EBC3019396 035 $a(Au-PeEL)EBL3019396 035 $a(CaPaEBR)ebr10670961 035 $a(OCoLC)740448215 035 $a(EXLCZ)992670000000099687 100 $a20100111d2010 uy 0 101 0 $aeng 135 $aur|n|---||||| 181 $ctxt 182 $cc 183 $acr 200 00$aEffective teaching for intended learning outcomes in science and technology (metilost)$b[electronic resource] /$fJ. Bernardino Lopes, J. Paulo Cravino, and A. A. Silva, editors 210 $aNew York $cNova Science$dc2010 215 $a1 online resource (131 p.) 225 1 $aEducation in a competitive and globalizing world 300 $aDescription based upon print version of record. 311 $a1-60876-958-5 320 $aIncludes bibliographical references and index. 410 0$aEducation in a competitive and globalizing world series. 606 $aScience$xStudy and teaching (Higher) 606 $aTechnology$xStudy and teaching (Higher) 606 $aEffective teaching 615 0$aScience$xStudy and teaching (Higher) 615 0$aTechnology$xStudy and teaching (Higher) 615 0$aEffective teaching. 676 $a507.1/1 701 $aLopes$b J. Bernardino$01539668 701 $aCravino$b J. Paulo$01539669 701 $aSilva$b A. A.$f1956-$01539670 801 0$bMiAaPQ 801 1$bMiAaPQ 801 2$bMiAaPQ 906 $aBOOK 912 $a9910789692903321 996 $aEffective teaching for intended learning outcomes in science and technology (metilost)$93790672 997 $aUNINA